Agricultural development in Madras State prior to 1900, (Record no. 80695)

MARC details
000 -LEADER
fixed length control field 00732cam a22002411 4500
001 - CONTROL NUMBER
control field sa 68005366
003 - CONTROL NUMBER IDENTIFIER
control field DLC
005 - DATE AND TIME OF LATEST TRANSACTION
control field 20260227112508.0
008 - FIXED-LENGTH DATA ELEMENTS--GENERAL INFORMATION
fixed length control field 710915s1966 ii a b 00010 eng
010 ## - LIBRARY OF CONGRESS CONTROL NUMBER
LC control number sa 68005366
025 ## - OVERSEAS ACQUISITION NUMBER
Overseas acquisition number PL480:I-E-8180
043 ## - GEOGRAPHIC AREA CODE
Geographic area code a-ii---
050 0# - LIBRARY OF CONGRESS CALL NUMBER
Classification number S471.I32
Item number M37
082 ## - DEWEY DECIMAL CLASSIFICATION NUMBER
Classification number 630/.954/82
100 10 - MAIN ENTRY--PERSONAL NAME
Personal name Ratnam, R.
245 10 - TITLE STATEMENT
Title Agricultural development in Madras State prior to 1900,
Statement of responsibility, etc. by R. Ratnam. With a foreword by M. S. Sivaraman.
250 ## - EDITION STATEMENT
Edition statement [1st ed.]
260 0# - PUBLICATION, DISTRIBUTION, ETC.
Place of publication, distribution, etc. Madras,
Name of publisher, distributor, etc. New Century Book House
Date of publication, distribution, etc. [1966]
300 ## - PHYSICAL DESCRIPTION
Extent x, 444 p.
Other physical details illus.
Dimensions 23 cm.
350 ## - PRICE (NR) (BK AM CF MU VM SE) [OBSOLETE]
Price Rs25
-- $7.50
504 ## - BIBLIOGRAPHY, ETC. NOTE
Bibliography, etc. note Includes bibliographical references.
650 #0 - SUBJECT ADDED ENTRY--TOPICAL TERM
Topical term or geographic name entry element Agriculture
Geographic subdivision India
-- Tamil Nadu
General subdivision History.

No items available.

Powered by Koha